[Event "Qatar Masters Open 2014"]
[Site "Doha QAT"]
[Date "2014.12.04"]
[Round "9.58"]
[White "Daulyte, Deimante"]
[Black "Potapov, Pavel"]
[Result "1-0"]
[WhiteElo "2364"]
[BlackElo "2479"]
[PlyCount "77"]
[EventDate "2014.11.26"]
[EventType "swiss"]
[EventRounds "9"]
[EventCountry "QAT"]
[Source "lmi"]
[SourceDate "2014.11.26"]

1. e4 c5 2. Nf3 Nc6 3. d4 cxd4 4. Nxd4 e5 5. Nb5 d6 6. N1c3 a6 7. Na3 Be7 8.
Nc4 b5 9. Ne3 Nf6 10. Bd3 O-O 11. O-O Nb4 12. Be2 Bb7 13. a3 Nc6 14. Nf5 g6 15.
Nxe7+ Nxe7 16. Qd3 Rc8 17. Rd1 d5 18. Bg5 Rxc3 19. Qxc3 Nxe4 20. Qxe5 f6 21.
Qe6+ Kg7 22. Be3 Re8 23. Qb6 Qd7 24. a4 bxa4 25. Bxa6 Bc6 26. Bd3 Nd6 27. b3
Ndc8 28. Qc5 d4 29. Qxd4 Qb7 30. f3 axb3 31. Rdb1 Bd5 32. cxb3 Nc6 33. Qxd5
Rxe3 34. Bc4 Qb6 35. Qg8+ Kh6 36. Qf8+ Kh5 37. Kh1 N6e7 38. Ra6 Qb4 39. g4+ 1-0

[Event "Qatar Masters Open 2014"]
[Site "Doha QAT"]
[Date "2014.12.04"]
[Round "9.59"]
[White "Mamedjarova, Zeinab"]
[Black "Ankit, R. Rajpara"]
[Result "1-0"]
[WhiteElo "2241"]
[BlackElo "2494"]
[PlyCount "67"]
[EventDate "2014.11.26"]
[EventType "swiss"]
[EventRounds "9"]
[EventCountry "QAT"]
[Source "lmi"]
[SourceDate "2014.11.26"]

1. d4 d5 2. c4 c6 3. cxd5 cxd5 4. Bf4 Nf6 5. e3 Nc6 6. Nc3 e6 7. Bd3 Be7 8. h3
O-O 9. Nf3 b6 10. O-O Bb7 11. Ne5 Nxe5 12. Bxe5 Nd7 13. Bg3 a6 14. Qe2 b5 15.
Rfc1 Qa5 16. a4 b4 17. Na2 b3 18. Bc7 Nb6 19. Bxh7+ Kxh7 20. Qd3+ Kg8 21. Qxb3
Bd8 22. Nb4 Bxc7 23. Rxc7 Rfc8 24. Rxb7 Nc4 25. Nd3 Nd6 26. Rd7 Ne4 27. Qd1 Qb6
28. Ne5 Rf8 29. Qe2 Rac8 30. Kh2 Qb3 31. Qxa6 Nxf2 32. Rxf7 Qxe3 33. Qxe6 Rxf7
34. Qxf7+ 1-0

[Event "Qatar Masters Open 2014"]
[Site "Doha QAT"]
[Date "2014.12.04"]
[Round "9.60"]
[White "Carlsson, Pontus"]
[Black "Tabatabaei, M.Amin"]
[Result "0-1"]
[WhiteElo "2492"]
[BlackElo "2353"]
[PlyCount "47"]
[EventDate "2014.11.26"]
[EventType "swiss"]
[EventRounds "9"]
[EventCountry "QAT"]
[Source "lmi"]
[SourceDate "2014.11.26"]

1. e4 e6 2. d4 d5 3. Nd2 Nf6 4. e5 Nfd7 5. Bd3 c5 6. c3 Nc6 7. Ne2 Be7 8. O-O
Rb8 9. Nf3 b5 10. dxc5 Nxc5 11. Ned4 Nxd4 12. Nxd4 Bd7 13. b4 Na4 14. Nxb5 Rxb5
15. Qxa4 Rxb4 16. Qxa7 Ra4 17. Qe3 O-O 18. Bc2 Ra5 19. Qg3 Re8 20. Bh6 g6 21.
Bb3 Qc7 22. h4 Rc5 23. Bd2 Bf8 24. h5 0-1

[Event "Qatar Masters Open 2014"]
[Site "Doha QAT"]
[Date "2014.12.04"]
[Round "9.61"]
[White "Goh, Wei Ming Kevin"]
[Black "Basso, Pier Luigi"]
[Result "1/2-1/2"]
[WhiteElo "2442"]
[BlackElo "2335"]
[PlyCount "97"]
[EventDate "2014.11.26"]
[EventType "swiss"]
[EventRounds "9"]
[EventCountry "QAT"]
[Source "lmi"]
[SourceDate "2014.11.26"]

1. e4 c5 2. Nf3 d6 3. Bb5+ Bd7 4. Bxd7+ Nxd7 5. O-O Ngf6 6. Qe2 e6 7. Rd1 Be7
8. d4 cxd4 9. Nxd4 a6 10. c4 O-O 11. b3 Rc8 12. Bb2 Qa5 13. Nc3 Rfe8 14. Rac1
Bf8 15. Kh1 Qg5 16. g3 h5 17. f4 Qg4 18. Nf3 e5 19. fxe5 Nxe5 20. Nxe5 Qxe2 21.
Nxe2 dxe5 22. Nc3 Bc5 23. Kg2 Bd4 24. Kf3 b5 25. cxb5 axb5 26. Rd2 g5 27. Nd5
g4+ 28. Ke2 Nxd5 29. Rxc8 Rxc8 30. Bxd4 Nf6 31. Bxe5 Nxe4 32. Rd5 Rc2+ 33. Ke3
f5 34. Bf4 Rxh2 35. Rxf5 Nc3 36. Kd3 Ne2 37. Rxb5 Nxf4+ 38. gxf4 Kh7 39. a4 g3
40. Ke3 h4 41. a5 Kg6 42. Kf3 Rf2+ 43. Kg4 g2 44. Rg5+ Kf6 45. Kh3 Rxf4 46.
Rxg2 Rf3+ 47. Kxh4 Rxb3 48. a6 Ra3 49. Rg3 1/2-1/2

[Event "Qatar Masters Open 2014"]
[Site "Doha QAT"]
[Date "2014.12.04"]
[Round "9.62"]
[White "Caprio, Guido"]
[Black "Gholami, Aryan"]
[Result "1-0"]
[WhiteElo "2401"]
[BlackElo "2333"]
[PlyCount "117"]
[EventDate "2014.11.26"]
[EventType "swiss"]
[EventRounds "9"]
[EventCountry "QAT"]
[Source "lmi"]
[SourceDate "2014.11.26"]

1. e4 c5 2. Nf3 e6 3. d4 cxd4 4. Nxd4 a6 5. Bd3 Qc7 6. O-O Nf6 7. Be3 Bc5 8.
Nd2 d6 9. Qe2 O-O 10. N4b3 Bxe3 11. Qxe3 Nc6 12. c3 e5 13. Nc4 Be6 14. Qb6 Qe7
15. Rfd1 Rab8 16. Nba5 Nxa5 17. Qxa5 Bxc4 18. Bxc4 Nxe4 19. Qd5 Qh4 20. g3 Qg4
21. Bb3 Ng5 22. h4 Nf3+ 23. Kf1 e4 24. Qxd6 e3 25. fxe3 Nh2+ 26. Kf2 Qf3+ 27.
Kg1 Qe2 28. Kh1 Nf3 29. g4 Rbe8 30. Qf4 Rxe3 31. Bc4 Re4 32. Bxe2 Rxf4 33. Rf1
Rxg4 34. Bxf3 Rxh4+ 35. Kg2 b6 36. Rad1 Rh6 37. Rd7 Rg6+ 38. Kf2 Rf6 39. Rfd1
g5 40. R1d6 Rxd6 41. Rxd6 Rb8 42. Rd7 Kg7 43. Bd5 Rf8 44. c4 h5 45. Rb7 Kf6 46.
Rxb6+ Ke5 47. Rxa6 f5 48. Ke3 f4+ 49. Kd3 Kf5 50. Be6+ Ke5 51. Bd7 Rd8 52. Re6+
Kf5 53. Rd6+ Ke5 54. Rd5+ Kf6 55. c5 g4 56. c6 g3 57. c7 Rg8 58. Ke2 g2 59. Rd1
1-0

[Event "Qatar Masters Open 2014"]
[Site "Doha QAT"]
[Date "2014.12.04"]
[Round "9.63"]
[White "Deac, Bogdan-Daniel"]
[Black "Abdumalik, Zhansaya"]
[Result "1/2-1/2"]
[WhiteElo "2385"]
[BlackElo "2332"]
[PlyCount "144"]
[EventDate "2014.11.26"]
[EventType "swiss"]
[EventRounds "9"]
[EventCountry "QAT"]
[Source "lmi"]
[SourceDate "2014.11.26"]

1. Nf3 Nf6 2. c4 c5 3. Nc3 Nc6 4. d4 cxd4 5. Nxd4 e6 6. a3 Bc5 7. Nb3 Be7 8. e4
O-O 9. Be2 b6 10. O-O Ba6 11. Be3 Rc8 12. c5 Bxe2 13. Qxe2 bxc5 14. Nxc5 Ne5
15. Nd3 Nxd3 16. Qxd3 Qc7 17. Bd4 d6 18. Rac1 Qb7 19. b4 Rfd8 20. Qb5 Qa8 21.
f3 a6 22. Qe2 Qb7 23. b5 axb5 24. Qxb5 Qa8 25. a4 d5 26. Bb6 Rb8 27. a5 dxe4
28. fxe4 Nxe4 29. Nxe4 Qxe4 30. Qc6 Qxc6 31. Rxc6 Rdc8 32. Rfc1 Rxc6 33. Rxc6
h5 34. Kf1 Ra8 35. Ke2 Bb4 36. Rc4 Bxa5 37. Ra4 Bxb6 38. Rxa8+ Kh7 39. h3 Kg6
40. g4 hxg4 41. hxg4 Bd4 42. Kf3 Bf6 43. Ra5 Bd8 44. Ra6 Bc7 45. Rc6 Be5 46.
Rb6 Bd4 47. Rb5 Bc3 48. Ke4 Bd2 49. Rc5 Bg5 50. Ra5 Be7 51. Rb5 Bd6 52. Ra5 Bb4
53. Rb5 Bd2 54. Rc5 Bh6 55. Ra5 f6 56. Kf3 e5 57. Ra1 Bd2 58. Rh1 Bc3 59. Rh5
Bb2 60. Rh8 Bd4 61. Rh5 Kf7 62. Ke4 Kg6 63. Kf3 Bc3 64. Rh8 Bd2 65. Rh5 Bc1 66.
Rh1 Bg5 67. Ke4 Bh6 68. Kf3 Bf4 69. Rh5 Bg5 70. Rh1 Bd2 71. Rh5 Bc3 72. Ke4 Bd4
1/2-1/2

[Event "Qatar Masters Open 2014"]
[Site "Doha QAT"]
[Date "2014.12.04"]
[Round "9.64"]
[White "Khademalsharieh, Sarasadat"]
[Black "Mammadzada, Gunay"]
[Result "1-0"]
[WhiteElo "2378"]
[BlackElo "2316"]
[PlyCount "111"]
[EventDate "2014.11.26"]
[EventType "swiss"]
[EventRounds "9"]
[EventCountry "QAT"]
[Source "lmi"]
[SourceDate "2014.11.26"]

1. d4 d5 2. c4 c6 3. cxd5 cxd5 4. Bf4 Nc6 5. e3 Nf6 6. Nc3 a6 7. Bd3 Bg4 8.
Nge2 Bxe2 9. Qxe2 e6 10. O-O Bd6 11. Bxd6 Qxd6 12. Rac1 O-O 13. Na4 Nd7 14. a3
Rac8 15. f4 Na5 16. Nc5 Nxc5 17. dxc5 Qe7 18. b4 Nc6 19. e4 dxe4 20. Bxe4 Rfd8
21. Rcd1 a5 22. Qb5 axb4 23. axb4 Rd7 24. Bxc6 bxc6 25. Qa6 Rcd8 26. Rde1 Qf6
27. Qxc6 Qd4+ 28. Kh1 Qxb4 29. f5 Qc4 30. fxe6 fxe6 31. Qxe6+ Qxe6 32. Rxe6 Rc7
33. Re5 Rdc8 34. Rc1 Kf7 35. g4 h6 36. Kg2 Ra8 37. Rc2 Ra3 38. Rf5+ Kg8 39. h4
g6 40. Rf6 Kg7 41. Rd6 Rf7 42. c6 Raa7 43. Rc3 Rac7 44. Rf3 Ra7 45. Rxf7+ Kxf7
46. Kf3 Ra4 47. h5 gxh5 48. gxh5 Kg7 49. Ke3 Rh4 50. Kd3 Rxh5 51. Kc4 Rh1 52.
Kb5 Rb1+ 53. Ka6 Ra1+ 54. Kb7 Rb1+ 55. Kc8 Kf7 56. Kd7 1-0

[Event "Qatar Masters Open 2014"]
[Site "Doha QAT"]
[Date "2014.12.04"]
[Round "9.65"]
[White "Pourkashiyan, Atousa"]
[Black "Hedman, Erik"]
[Result "1/2-1/2"]
[WhiteElo "2312"]
[BlackElo "2370"]
[PlyCount "160"]
[EventDate "2014.11.26"]
[EventType "swiss"]
[EventRounds "9"]
[EventCountry "QAT"]
[Source "lmi"]
[SourceDate "2014.11.26"]

1. e4 c5 2. Nf3 e6 3. d4 cxd4 4. Nxd4 Nc6 5. Nc3 Qc7 6. Be2 a6 7. O-O Nf6 8.
Kh1 Be7 9. f4 d6 10. Be3 O-O 11. Qe1 Nxd4 12. Bxd4 b5 13. a3 Bb7 14. Qg3 Rad8
15. Rae1 Rd7 16. Bd3 Re8 17. Re2 Qd8 18. Qh3 h6 19. Nd1 Bf8 20. Nf2 e5 21. Bc3
Re6 22. f5 Re8 23. Ng4 Nh7 24. f6 g6 25. Nxh6+ Bxh6 26. Qxh6 Nxf6 27. Bd2 Nh7
28. Rf3 Bc8 29. Ref2 Rf8 30. a4 Rb7 31. axb5 axb5 32. Rg3 Be6 33. Rf1 Qe7 34.
Bb4 Ra8 35. b3 Nf8 36. h3 Nd7 37. Bd2 Ra6 38. Kh2 d5 39. Bg5 Qf8 40. Qh4 d4 41.
Bh6 Qe8 42. Rf6 Kh7 43. Bg5+ Kg8 44. Be2 Nf8 45. Qh6 Rc6 46. Bxb5 Rxb5 47. Rf4
Bc8 48. Rh4 f6 49. Qh8+ Kf7 50. Rf3 Qe7 51. Bh6 Ne6 52. Bc1 Ng7 53. Bh6 Ne6 54.
Bc1 Ng7 55. Bh6 Qf8 56. Bxg7 Qxh8 57. Bxh8 Rbc5 58. Rh7+ Kg8 59. Rh6 Kf7 60.
Rh7+ Kg8 61. Rh6 f5 62. exf5 Bxf5 63. b4 Rxc2 64. Bxe5 d3 65. Rh8+ Kf7 66. Rd8
Re2 67. Rdxd3 Rcc2 68. Rde3 Rxg2+ 69. Kh1 Rgd2 70. Rf1 Rc4 71. b5 Kg8 72. b6
Bc8 73. Rfe1 Bb7+ 74. Kg1 Rcc2 75. Rg3 Kf7 76. Rg5 Bf3 77. Rf1 Rg2+ 78. Rxg2
Rxg2+ 79. Kh1 Rf2+ 80. Kg1 Rg2+ 1/2-1/2

[Event "Qatar Masters Open 2014"]
[Site "Doha QAT"]
[Date "2014.12.04"]
[Round "9.66"]
[White "Gomes, Mary Ann"]
[Black "Gu, Xiaobing"]
[Result "1-0"]
[WhiteElo "2355"]
[BlackElo "2283"]
[PlyCount "49"]
[EventDate "2014.11.26"]
[EventType "swiss"]
[EventRounds "9"]
[EventCountry "QAT"]
[Source "lmi"]
[SourceDate "2014.11.26"]

1. Nf3 Nf6 2. c4 g6 3. b3 Bg7 4. Bb2 d6 5. d4 Nbd7 6. Qc2 O-O 7. e4 e5 8. dxe5
dxe5 9. Nc3 c6 10. Be2 Re8 11. O-O Nc5 12. Rfd1 Qc7 13. Ba3 Qa5 14. Nb5 Ne6 15.
b4 Qa6 16. Rd6 Bf8 17. Bb2 Bxd6 18. Nxd6 Rf8 19. c5 b5 20. a4 Nxc5 21. bxc5 Qa5
22. axb5 Qc7 23. b6 Qe7 24. Nxe5 Bd7 25. Qc3 1-0

[Event "Qatar Masters Open 2014"]
[Site "Doha QAT"]
[Date "2014.12.04"]
[Round "9.67"]
[White "Salih, Akar Ali Salih"]
[Black "Kharous, Ernest"]
[Result "1-0"]
[WhiteElo "2284"]
[BlackElo "2358"]
[PlyCount "117"]
[EventDate "2014.11.26"]
[EventType "swiss"]
[EventRounds "9"]
[EventCountry "QAT"]
[Source "lmi"]
[SourceDate "2014.11.26"]

1. e4 e5 2. Nf3 Nc6 3. Nc3 Nf6 4. d4 Bb4 5. d5 Nb8 6. Bd3 d6 7. Bd2 O-O 8. O-O
Bg4 9. a3 Bxc3 10. Bxc3 Nbd7 11. h3 Bh5 12. Re1 Nc5 13. b4 Nxd3 14. Qxd3 Ne8
15. g4 Bg6 16. Bd2 c6 17. c4 Rc8 18. Be3 cxd5 19. cxd5 a6 20. a4 h5 21. Nh2 Qh4
22. Kg2 hxg4 23. hxg4 Nf6 24. f3 Nh7 25. Bf2 Qe7 26. Rec1 Rxc1 27. Rxc1 f5 28.
exf5 Bxf5 29. Qe2 Bg6 30. Be3 Qf7 31. b5 Qxd5 32. bxa6 bxa6 33. Qxa6 Bd3 34.
Qc6 Qxc6 35. Rxc6 d5 36. Re6 e4 37. f4 Ra8 38. Rd6 Bc4 39. g5 Nf8 40. Nf1 Kf7
41. Nd2 Ba2 42. f5 Rxa4 43. g6+ Ke8 44. Bg5 Nd7 45. Re6+ Kf8 46. Be3 Kg8 47.
Rd6 Ra7 48. Kf2 Nf8 49. Bg5 Nd7 50. Be3 Rc7 51. Ra6 Bc4 52. Ra8+ Nf8 53. Bf4
Rd7 54. Nxc4 dxc4 55. Ke3 c3 56. Kxe4 c2 57. Bc1 Rd6 58. Ba3 Rf6 59. Rc8 1-0

[Event "Qatar Masters Open 2014"]
[Site "Doha QAT"]
[Date "2014.12.04"]
[Round "9.68"]
[White "Studer, Noel"]
[Black "Nuri, Kambez"]
[Result "1-0"]
[WhiteElo "2395"]
[BlackElo "2300"]
[PlyCount "83"]
[EventDate "2014.11.26"]
[EventType "swiss"]
[EventRounds "9"]
[EventCountry "QAT"]
[Source "lmi"]
[SourceDate "2014.11.26"]

1. e4 c5 2. Nf3 d6 3. Bb5+ Nd7 4. O-O a6 5. Bd3 e5 6. a4 Ne7 7. Na3 Ng6 8. Re1
Rb8 9. c3 Be7 10. Bf1 O-O 11. d4 b6 12. Nc4 Bb7 13. d5 Re8 14. b4 Bc8 15. g3
Qc7 16. Rb1 Bf8 17. Be3 f6 18. Nfd2 Ne7 19. Nb3 f5 20. bxc5 bxc5 21. f3 fxe4
22. fxe4 Nf6 23. Qc2 Bd7 24. a5 Ba4 25. Nb6 Bb5 26. Bh3 Ng6 27. Bg5 c4 28. Nd2
Rb7 29. Rb4 Nd7 30. Ndxc4 Nxb6 31. Nxb6 Be7 32. Be3 Rf8 33. Bg4 h6 34. Reb1 Bg5
35. Bf2 Rxf2 36. Kxf2 Qc5+ 37. Kg2 Rc7 38. c4 Kh7 39. Bf5 h5 40. Qe2 Be8 41.
Qxh5+ Bh6 42. Qg4 1-0

[Event "Qatar Masters Open 2014"]
[Site "Doha QAT"]
[Date "2014.12.04"]
[Round "9.69"]
[White "Gaehwiler, Gabriel"]
[Black "Ni, Shiqun"]
[Result "1/2-1/2"]
[WhiteElo "2334"]
[BlackElo "2262"]
[PlyCount "71"]
[EventDate "2014.11.26"]
[EventType "swiss"]
[EventRounds "9"]
[EventCountry "QAT"]
[Source "lmi"]
[SourceDate "2014.11.26"]

1. b3 e5 2. Bb2 Nc6 3. e3 g6 4. Bb5 Nge7 5. f4 Bg7 6. Nf3 d6 7. fxe5 O-O 8. Nc3
Nxe5 9. Nxe5 Bxe5 10. Na4 Nf5 11. Qf3 Bxb2 12. Nxb2 d5 13. O-O Qg5 14. Qf4 Qxf4
15. Rxf4 Nd6 16. Bd3 Be6 17. c4 dxc4 18. Nxc4 Rad8 19. Rc1 c6 20. Rf2 f5 21.
Rc2 Bd5 22. Nxd6 Rxd6 23. Bc4 Rfd8 24. Kf1 Kf7 25. Bxd5+ Rxd5 26. Ke2 h5 27. h4
Kf6 28. Rf4 R8d7 29. Ra4 a6 30. Rac4 Rg7 31. Rc5 Rd8 32. Rc1 Rgd7 33. R1c2 Rg7
34. Rc1 Rgd7 35. R1c2 Rg7 36. Rc1 1/2-1/2

[Event "Qatar Masters Open 2014"]
[Site "Doha QAT"]
[Date "2014.12.04"]
[Round "9.70"]
[White "Tomashevskaya, Lidia"]
[Black "Nemcova, Katerina"]
[Result "1/2-1/2"]
[WhiteElo "2210"]
[BlackElo "2312"]
[PlyCount "83"]
[EventDate "2014.11.26"]
[EventType "swiss"]
[EventRounds "9"]
[EventCountry "QAT"]
[Source "lmi"]
[SourceDate "2014.11.26"]

1. e4 e5 2. Nf3 Nc6 3. Bb5 a6 4. Ba4 Nf6 5. O-O Be7 6. Re1 b5 7. Bb3 d6 8. c3
O-O 9. d4 Bg4 10. d5 Na5 11. Bc2 Qc8 12. Nbd2 c6 13. dxc6 Qxc6 14. h3 Be6 15.
Nf1 Rfe8 16. Ng3 h6 17. Nh4 Rad8 18. Nhf5 Nc4 19. b3 Nb6 20. Qf3 d5 21. Nxe7+
Rxe7 22. Bxh6 dxe4 23. Nxe4 Nxe4 24. Bxe4 Bd5 25. Bxd5 Nxd5 26. Be3 e4 27. Qf5
Nxc3 28. Qc5 Rc7 29. Qxc6 Rxc6 30. Rac1 Rd3 31. Rc2 b4 32. a3 bxa3 33. Ra1 a2
34. Raxa2 Nxa2 35. Rxc6 Nb4 36. Rb6 Rxb3 37. Bc5 a5 38. Rb5 Rb1+ 39. Kh2 Rf1
40. Bxb4 axb4 41. Rxb4 Rxf2 42. Rxe4 1/2-1/2

[Event "Qatar Masters Open 2014"]
[Site "Doha QAT"]
[Date "2014.12.04"]
[Round "9.71"]
[White "Liang, Awonder"]
[Black "Chandra, Akshat"]
[Result "0-1"]
[WhiteElo "2266"]
[BlackElo "2489"]
[PlyCount "88"]
[EventDate "2014.11.26"]
[EventType "swiss"]
[EventRounds "9"]
[EventCountry "QAT"]
[Source "lmi"]
[SourceDate "2014.11.26"]

1. e4 c5 2. Nf3 e6 3. d4 cxd4 4. Nxd4 Nc6 5. Nc3 Qc7 6. Be2 a6 7. O-O Nf6 8.
Be3 Be7 9. f4 d6 10. Qe1 O-O 11. Qg3 Nxd4 12. Bxd4 b5 13. a3 Bb7 14. Rae1 Rad8
15. Kh1 Rd7 16. Bd3 Re8 17. Re2 Qd8 18. Ref2 Bf8 19. Rf3 e5 20. fxe5 dxe5 21.
Be3 Nh5 22. Qf2 Qe7 23. a4 b4 24. Bc4 Nf6 25. Bg5 Qc5 26. Qe2 Rc7 27. Ba2 bxc3
28. Bxf6 gxf6 29. Rxf6 Ree7 30. Qh5 Bxe4 31. Rxf7 Rxf7 32. Rxf7 Kh8 33. b4 Qd6
34. Rf1 Bg6 35. Qf3 Kg7 36. Rd1 Qf6 37. Qe2 Bxb4 38. Rf1 Qg5 39. Rb1 a5 40. Qf2
Qf5 41. Qb6 Rd7 42. Be6 Qxc2 43. Rf1 Qe2 44. Kg1 c2 0-1

[Event "Qatar Masters Open 2014"]
[Site "Doha QAT"]
[Date "2014.12.04"]
[Round "9.72"]
[White "Kochetkova, Julia"]
[Black "Sukandar, Irine Kharisma"]
[Result "0-1"]
[WhiteElo "2345"]
[BlackElo "2407"]
[PlyCount "78"]
[EventDate "2014.11.26"]
[EventType "swiss"]
[EventRounds "9"]
[EventCountry "QAT"]
[Source "lmi"]
[SourceDate "2014.11.26"]

1. e4 c5 2. Nc3 Nc6 3. Bb5 e6 4. Nf3 Nge7 5. O-O a6 6. Bxc6 Nxc6 7. d4 cxd4 8.
Nxd4 d6 9. Re1 Bd7 10. Nxc6 Bxc6 11. Nd5 Rc8 12. Qg4 h6 13. Bd2 Bd7 14. c3 g6
15. Qf4 Bg7 16. Nb4 O-O 17. Qxd6 Ba4 18. Bf4 Qa5 19. Qd2 Rfd8 20. Qe3 g5 21.
Bg3 Qb5 22. Qc1 a5 23. Nc2 Qd3 24. Ne3 Qxe4 25. c4 Qd4 26. Rb1 f5 27. b3 Bc6
28. Nc2 Qc3 29. Re3 Qd2 30. Be5 Be4 31. Rxe4 fxe4 32. Qb2 Rf8 33. Rf1 e3 34. f4
e2 35. Re1 Rxf4 36. Bxf4 Qxe1+ 37. Nxe1 Bxb2 38. Bd2 Bd4+ 39. Kh1 Bf2 0-1

[Event "Qatar Masters Open 2014"]
[Site "Doha QAT"]
[Date "2014.12.04"]
[Round "9.73"]
[White "L'Ami, Alina"]
[Black "Gara, Ticia"]
[Result "1-0"]
[WhiteElo "2393"]
[BlackElo "2326"]
[PlyCount "65"]
[EventDate "2014.11.26"]
[EventType "swiss"]
[EventRounds "9"]
[EventCountry "QAT"]
[Source "lmi"]
[SourceDate "2014.11.26"]

1. d4 e6 2. c4 b6 3. e4 Bb7 4. Bd3 Bb4+ 5. Kf1 Be7 6. Nc3 d6 7. Be3 Nd7 8. Nh3
Ngf6 9. g4 h5 10. gxh5 Nxh5 11. Rg1 e5 12. d5 Nc5 13. Be2 Nf6 14. Ng5 Rxh2 15.
b4 Ncd7 16. Rb1 Bc8 17. Ke1 Nf8 18. c5 Ng6 19. Bb5+ Kf8 20. Qf3 dxc5 21. bxc5
Rb8 22. Bc4 Nh8 23. Qg3 Ng4 24. Ne6+ fxe6 25. Qxg4 Bf6 26. dxe6 c6 27. cxb6
axb6 28. Bc5+ bxc5 29. Rxb8 Ke7 30. Qg3 Rh6 31. Qe3 Kd6 32. Ba6 Qa5 33. Qd3+
1-0

[Event "Qatar Masters Open 2014"]
[Site "Doha QAT"]
[Date "2014.12.04"]
[Round "9.74"]
[White "Guramishvili, Sopiko"]
[Black "Dimitrijevic, Aleksandra"]
[Result "1-0"]
[WhiteElo "2388"]
[BlackElo "2323"]
[PlyCount "87"]
[EventDate "2014.11.26"]
[EventType "swiss"]
[EventRounds "9"]
[EventCountry "QAT"]
[Source "lmi"]
[SourceDate "2014.11.26"]

1. d4 e6 2. c4 b6 3. e4 Bb7 4. Bd3 d6 5. Ne2 Nd7 6. Nbc3 g6 7. Be3 Bg7 8. Qd2
h6 9. Rc1 Ne7 10. O-O a6 11. f4 f5 12. d5 Nf8 13. Bc2 Bc8 14. Rce1 b5 15. cxb5
axb5 16. a3 Rb8 17. Nd4 b4 18. axb4 Rxb4 19. Ncb5 Rxb2 20. Ba4 Rxb5 21. Bxb5+
Kf7 22. Bf2 fxe4 23. Bh4 e3 24. Nxe6 Bxe6 25. dxe6+ Nxe6 26. Qa2 Bd4 27. Kh1 d5
28. f5 Ng5 29. fxg6+ Kxg6 30. Qe2 c5 31. Qg4 Qd6 32. h3 Qe5 33. Bd3+ Kg7 34.
Qh5 Qe6 35. Bxg5 hxg5 36. Qxg5+ Ng6 37. Bxg6 Qxg6 38. Qxd5 Re8 39. Qd7+ Kg8 40.
Qd5+ Kg7 41. Rf5 Qe6 42. Qf3 Qe4 43. Qg3+ Kh6 44. Rf4 1-0

[Event "Qatar Masters Open 2014"]
[Site "Doha QAT"]
[Date "2014.12.04"]
[Round "9.75"]
[White "Zhai, Mo"]
[Black "Wang, Jue"]
[Result "1-0"]
[WhiteElo "2325"]
[BlackElo "2353"]
[PlyCount "85"]
[EventDate "2014.11.26"]
[EventType "swiss"]
[EventRounds "9"]
[EventCountry "QAT"]
[Source "lmi"]
[SourceDate "2014.11.26"]

1. d4 Nf6 2. Nf3 g6 3. Bf4 Bg7 4. e3 d6 5. h3 O-O 6. Be2 c5 7. c3 Nc6 8. Nbd2
cxd4 9. exd4 Nd5 10. Bh2 e5 11. dxe5 dxe5 12. O-O Nf4 13. Bxf4 exf4 14. Re1 Qc7
15. a3 b6 16. Bc4 Bb7 17. Qe2 Rad8 18. Rad1 Na5 19. Ba2 h6 20. Bb1 Bc6 21. Bc2
Nb7 22. Ne4 Rde8 23. Qc4 b5 24. Qa2 Kh8 25. Nd4 Bd7 26. Bb3 f5 27. Nd2 Nc5 28.
Bd5 Qd6 29. N2f3 Qf6 30. Qb1 g5 31. Rxe8 Rxe8 32. Re1 g4 33. Rxe8+ Bxe8 34. Qe1
Bd7 35. Nd2 Nd3 36. Qe2 Nxb2 37. hxg4 fxg4 38. Be6 f3 39. Qe4 Bxe6 40. Nxe6
fxg2 41. Qxg4 Nd3 42. Ne4 Qe5 43. f4 1-0

[Event "Qatar Masters Open 2014"]
[Site "Doha QAT"]
[Date "2014.12.04"]
[Round "9.76"]
[White "Kanter, Eduard"]
[Black "Foisor, Sabina-Francesca"]
[Result "1-0"]
[WhiteElo "2394"]
[BlackElo "2270"]
[PlyCount "59"]
[EventDate "2014.11.26"]
[EventType "swiss"]
[EventRounds "9"]
[EventCountry "QAT"]
[Source "lmi"]
[SourceDate "2014.11.26"]

1. d4 e6 2. c4 Nf6 3. Nf3 d5 4. g3 Be7 5. Bg2 O-O 6. O-O c6 7. Nc3 b6 8. Qd3
Bb7 9. Rd1 Na6 10. e4 dxe4 11. Nxe4 c5 12. Nxf6+ Bxf6 13. Ng5 Bxg5 14. Bxb7 Nb4
15. Qb3 Rb8 16. dxc5 Qe7 17. c6 Bxc1 18. Raxc1 Qc5 19. Qe3 Qa5 20. a3 Na6 21.
b4 Qa4 22. Rd7 Rxb7 23. Rxb7 Qxc6 24. Rxa7 Nc7 25. b5 Qd6 26. c5 Qd8 27. cxb6
Nxb5 28. b7 Nxa7 29. Qxa7 Qd6 30. Qc5 1-0

[Event "Qatar Masters Open 2014"]
[Site "Doha QAT"]
[Date "2014.12.04"]
[Round "9.77"]
[White "Zhu, Chen"]
[Black "Lammers, Markus"]
[Result "1-0"]
[WhiteElo "2447"]
[BlackElo "2327"]
[PlyCount "57"]
[EventDate "2014.11.26"]
[EventType "swiss"]
[EventRounds "9"]
[EventCountry "QAT"]
[Source "lmi"]
[SourceDate "2014.11.26"]

1. d4 d5 2. c4 dxc4 3. Nf3 Nf6 4. e3 e6 5. Bxc4 c5 6. O-O a6 7. dxc5 Qxd1 8.
Rxd1 Bxc5 9. Nbd2 Nbd7 10. Be2 b6 11. b3 Bb7 12. Bb2 O-O 13. Ne1 Rfd8 14. Nd3
Be7 15. f3 Rac8 16. e4 Rc2 17. Rac1 Rxc1 18. Bxc1 Rc8 19. Nc4 b5 20. Na5 Ba8
21. Kf1 Rc2 22. a3 Bd8 23. b4 Kf8 24. Nb3 Bb6 25. Bf4 Bb7 26. Ndc5 Bc8 27. Bd3
Rc3 28. Bd2 Nxc5 29. Bxc3 1-0